Регионална библиотека "Любен Каравелов" - Русе

Въведение в публицистиката (Запис номер 54560)

MARC детайли
000 -Лидер
Контролно поле с фиксирана дължина 01731nam a2200373 c 4500
003 - Код на организацията, давaща контролен номер
Контролно поле BLK
005 - Дата и час на последна редакция
Контролно поле 20180422101827.0
008 - Елементи от данни с фиксирана дължина
fixed length control field 180408b bul|||||r ||||||| ||bul||
010 ## - Наследен системен номер
LC control number KNG00058519000
020 ## - Международен стандартен номер на книга ISBN
Международен стандартен номер на книга ISBN 954-8194-67-8
-- издат.: Фак. по журналистика и масова комуникация
040 ## - Източник на каталожния запис
Идентификатор на билиотеката - собственик на записа BLK
041 ## - Код за език
Код за езика на текст/звукозапис или на отделно заглавие Български
Код за езика КДБФ Български
080 ## - УДК
Текстов определител УДК Вестници. Журналистика. Радио- и тележурналистика. Вж и 05; 070.48
УДК код - определител по УДК 07
УДК определител
УДК - код + определител 07
080 ## - УДК
Текстов определител УДК Есета. Очерци. Скици. Вж и 82-95
УДК код - определител по УДК 82-4
УДК определител .0
УДК - код + определител 82-4.0
100 1# - Редна дума - Автор
Автор Абазов, Тодор Георгиев
Авторска отговорност първи автор
R(LIN) 369010
139 ## - Редно поле
Редна дума Абазов, Тодор Георгиев
Авторски знак Аб - А 12
245 10 - Сведения за заглавието
Заглавие Въведение в публицистиката
Редно поле (дума) Тодор Георгиев Абазов; предг. от Милко Петров.
257 ## - Страна на издаване
Страна на създаване/издаване България
260 ## - Област на издателските данни
-- София
Име на издателя, разпространителя и проч. Фак. по журналистика и масова комуникация
Година на издаване 2004
Печатница София : Симолини 94
300 ## - Физическа характеристика
Страници 200 с.
Размери/Мащаб 20 см
380 ## - Жанр
Жанр Общ отдел
500 ## - Общи забележки
Забележка Изд. на СУ Св. Климент Охридски. Фак. по журналистика и масова комуникация
650 #4 - Допълнително описание по предмет – тема
Основно описание – тема или топоним Публицистика
9 (RLIN) 168485
650 #4 - Допълнително описание по предмет – тема
Основно описание – тема или топоним Журналистика - жанрове
9 (RLIN) 256881
650 #4 - Допълнително описание по предмет – тема
Основно описание – тема или топоним Литературни родове, видове и жанрове
9 (RLIN) 285677
653 ## - Ключова дума – ненормативна
Ключова дума журналистика
653 ## - Ключова дума – ненормативна
Ключова дума публицистика
700 1# - Други автори (авторска отговорност)
Лично име Петров, Милко
Автороска отговорност (Описва отношението между автора и произведението) предг. от
9 (RLIN) 369033
852 ## - Местоположение
Форматна сигнатура Цб 226599
856 4# - Електронен адрес и достъп
Електронен формат pdf - файл
Път до файла /url/
856 4# - Електронен адрес и достъп
Електронен формат pdf - файл
Път до файла /url/
942 ## - АРТИКУЛИ
Вид на библиотечния материал Книги
Скрит в OPAC Не
944 ## - СЪЗДАВАНЕ И РЕДАКЦИЯ на ЗАПИСА
Създаване/Редакция Създаване
Дата на регистрацията/редакция 22.02.2006
Служител, извършил регистрацията/редакцията Геновева_Генчева
944 ## - СЪЗДАВАНЕ И РЕДАКЦИЯ на ЗАПИСА
Създаване/Редакция Редакция
Дата на регистрацията/редакция 16.03.2006
Служител, извършил регистрацията/редакцията
999 ## - СИСТЕМНИ КОНТРОЛНИ НОМЕРА
Koha biblionumber 54560
Koha biblioitemnumber 54560
Наличности
Код за отписване Код за изгубен артикул Код за повреда Коз за рестрикции Код за отдаване Артикулен № Име на библиотеката - собственик Име на библиотеката, в която се намира в момента Статус (Текущо местоположение) Дата на вписване в системата Местоположение - отдел Цена в лева Инвентарен номер Систематично азбучна сигнатура Баркод Номер на екземпляра Цена в евро Служебна бележка Служебен тип на артикула
  Не е изгубен Не е повреден без рестрикции ползва се в читалня 85868 Регионална библиотека "Любен Каравелов" Русе Регионална библиотека "Любен Каравелов" Русе Хранилище 2006-02-22 Хранилище 0.00 120000700352 Цб 226599 120000700352 1 0.00 Дост: Dp Вид: Д N: 8 Дата: 09.02.2005 Книги
Vip Innovations Ltd, Rousse, Bulgaria 2025